03331nam a22003737a 4500003000900000008004100009040007100050082002400121110004200145245004600187260002500233300005000258440010300308505204400411650002802455650002602483650002302509650003002532650002802562650002002590650002302610650002002633650001702653700003002670700002702700700002902727700002802756700002402784700003102808700003102839700002702870700003402897700002602931AR-CdUCM190425b ||||| |||| 00| 0 spa d aMUNICIPALIDAD PROVINCIAL DEL CUSCOcBIBLIOTECA MUNICIPAL DEL CUSCO aRev.IAAC/N°13/1992 aInstituto Americano de Arte del Cuzco aRevista del Instituto Americano de Arte / aCusco :b¿?,c1992. a316 [4] páginas. :bilustraciones ;c20 cm. aRevista del Instituto Americano de Arte Cuzco.nAño [XIII], [?] semestre de 1992, N°13. Vol.[?] aContenido: Hace quince años. Jorge Flores Ochoa. -- ¿Realmente hubo descubrimiento re América?. Gustavo Pérez Ocampo. -- Los marañones psicosis de una invasión. Guido Pilares. -- A sangre y fuego lo asolaron todo. Ernesto Tobar Pinzón. -- Coloquio sobre la restitución del nombre de la ciudad. -- Homenaje a la UNSAAC por su tricentenario. Horacio Villanueva Urteaga. -- Aporte del Cusco al movimiento de la reforma universitaria. Julio Gutiérrez Loayza. -- Alberto Giesecke y la edad de oro de la Universidad cusqueña. Julio Gutiérrez Samanez. -- Antología de la música cusqueña siglos XIX-XX. Abel Ramos Perea. -- El año de Wolfgang Amadeus Mozart. José Carlos Gutiérrez. -- Interpretación de la plástica contemporánea en la primera mitad del siglo XX. Julio Gutiérrez Samanez. -- Cien años de Martín Chambi. José Carlos Huayhuaca. -- La escuela cusqueña de fotografía. Adelma Benavente García. -- Cine y culturas oprimidas. Luis Figueroa Yábar. -- Nishiyama 50 años de mirar. Adelma Benavente García. -- Cusco y la conservación del patrimonio cultural mueble. Ana María Gálvez Barrera. -- Nuestra identidad a través del vestido. Delia Vidal de Milla. -- Carácter actual de la actividad artesanal. Dunia Marmanillo. -- Los notables artistas Fabian Palomino y Antonio Olave. Alcides Estrada. -- Talleres artesanales comunales alternativas de desarrollo. Ana María Enciso. -- Índole segunda novela de Clorinda Matto de Turner. Julio Miranda Bernal. -- La mujer en la literatura. Tania Gutiérrez Samanez. -- El Qosqo cuna de la lengua Qhechua. David Samanez Flórez. -- Crónicas del Cusco la semana santa en el Cusco, el Corpus Cristi del Cusco la visión del Ituni, Aldredo Yépez Miranda. -- Presagios. Luis Nieto Degregori. -- Noche de brujas. Mario Guevara Paredes. -- Nueva fabula de la Cigarra. Guido Núñez del Prado Santander. -- El oro de doña Josefina. Horacio Romero Vásquez. -- Homenaje a César Vallejo en el centenario de su nacimiento... aTradiciones cusqueñas aLiteratura cusqueña aPoetas cusqueños aIntelectuales cusqueños aFotografía cusqueña aMartín Chambi aPintura cusqueña aCine cusqueño aArte popular aGutiérrez Loayza, Julio aEscobar Moscoso, Mario aYépez Miranda, Alfredo aPérez Ocampo, Gustavo aFlores Ochoa, Jorge aGutiérrez Samanez, Julio aBenavente García, Adelma aFigueroa Yávar, Luis aGálvez Barrera, Ana María aNieto Degregori, Luis